Monitorovanie stavu a analýza prevádzky smerovačov pomocou XML

Gespeichert in:
Bibliographische Detailangaben
1. Verfasser: Alexová, Lucia (Verfasst von)
Weitere Verfasser: Poľaško, Michal, 1970- (Betreuung Doktorarbeit), Kotuliaková, Kvetoslava, 1968- (Betreuung Doktorarbeit)
Format: Manuskript Buch
Sprache:Slowakisch
Veröffentlicht: Bratislava : STU v Bratislave FEI, 2008
Schlagworte:
Tags: Tag hinzufügen
Keine Tags, Fügen Sie das erste Tag hinzu!

MARC

LEADER 00000ntm a22000003a 4500
001 stu169858
005 20150617230018.8
008 080919s2008------------------------slo-d
040 |a STU  |b slo 
041 0 |a slo 
100 1 |a Alexová, Lucia  |4 aut  |u E  |T FEI Fakulta elektrotechniky a informatiky  |U E  |Y 30 
245 1 |a Monitorovanie stavu a analýza prevádzky smerovačov pomocou XML 
260 |a Bratislava :  |b STU v Bratislave FEI,  |c 2008 
300 |a 67 s  |c príl. 
650 7 |a Telekomunikácie  |2 stusub 
700 1 |a Poľaško, Michal,  |d 1970-  |4 ths  |u E240  |U FEI Fakulta elektrotechniky a informatiky  |T FEI Katedra telekomunikácií  |X 3584  |U E240  |Y 72  |7 A000003584 
700 1 |a Kotuliaková, Kvetoslava,  |d 1968-  |4 ths  |u E070  |U FEI Fakulta elektrotechniky a informatiky  |T FEI Ústav telekomunikácií  |X 2015  |U E070  |Y 818  |7 A000002015